000 00362nam a22001337a 4500
020 _a81-7035-439-0
041 _aENG
100 _aSaha.R
245 _aIntellectual Property Rights in The Nam and Other Developing Countries A Compendium on Lawsand Policies
260 _aDelhi
_bDaya Publshing
_c2006
300 _a178
650 _aM.Tech
856 _uM.Tech ( 7 )
999 _c1032
_d1032